000 00910nam a2200289 u 4500
001 000048432
003 DO-SdBNP
005 20240412074307.0
007 ta
008 100813s2018 dr 000 d spa d
020 _a9789945503418
040 _aDO-SdBNP
_bspa
_cBNPHU
082 4 _aRD862.44
_bN714p, 2018
_222
100 1 _aNin, Leonardo
_975847
245 1 4 _aLas porfiadas :
_b(tragicomedia en dos actos) /
_cLeonardo Nin.
260 _aSanto Domingo :
_bNacional,
_c2018.
300 _a92 p. ;
_c20 cm.
490 1 _aTeatro :
500 _aIncluye datos biográficos del autor en las solapas
586 _aPremio de Teatro Letras de Ultramar, 2017.
590 _aInventariado, 2019 / YL
650 0 _aTeatro dominicano
_9637
650 0 _aLiteratura dominicana.
_967
711 2 _aPremio Letras de Ultramar Teatro
_d2017 :
_cSanto Domingo)
_975848
830 0 _aTeatro
_95617
942 _2ddc
_cLBS1
999 _c47920
_d47920